SRH 2024 Squad - Statistics

General Stats
  • This quiz has been taken 25 times
  • The average score is 9 of 26
Answer Stats
Players % Correct
Pat Cummins
90%
Travis Head
90%
Abhishek Sharma
80%
Bhuvneshwar Kumar
70%
Heinrich Klaasen
60%
Aiden Markram
50%
Marco Jansen
50%
Nitish Kumar Reddy
50%
T. Natarajan
50%
Abdul Samad
40%
Shahbaz Ahamad
40%
Wanindu Hasaranga
40%
Jaydev Unadkat
30%
Mayank Markande
30%
Rahul Tripathi
30%
Umran Malik
30%
Glenn Phillips
20%
Mayank Agarwal
20%
Washington Sundar
20%
Akash Singh
10%
Anmolpreet Singh
10%
Fazalhaq Farooqi
10%
Sanvir Singh
10%
Upendra Singh Yadav
10%
Jhathavedh Subramanyan
0%
Vijayakanth Viyaskanth
0%
No matching quizzes found
Score Distribution
Percent of People with Each Score
Percentile by Number Answered
Your Score History
You have not taken this quiz